000 00696nam a2200181Ia 4500
005 20260429112042.0
008 260429s9999||||xx |||||||||||||| ||und||
020 _a9788119680733
041 _aHindi
082 _a305.42
_bSIN
100 _aसिंह, सुधा
245 0 _aस्वाधीनता आन्दोलन स्त्री प्रश्न और उषादेवी मित्रा की कहानियाँ /
_cसुधा सिंह
250 _a1st ed.
260 _aदिल्ली :
_bएकैडमिक पब्लिकेशन,
_c2024.
300 _a525 p.; Hb
650 _aहिंदी साहित्य
942 _cTB
999 _c52101
_d52101